¿ Conocimiento para qué? ¿Conocimiento para quién?: reflexiones sobre la universidad y la geopolítica de los saberes hegemónicos /
Na minha lista:
| Autor principal: | |
|---|---|
| Formato: | Texto |
| Assuntos: | |
| Tags: |
Adicionar Tag
Sem tags, seja o primeiro a adicionar uma tag!
|
MARC
| LEADER | 00000 a a2200000 04500 | ||
|---|---|---|---|
| 001 | 7719 | ||
| 003 | |||
| 040 | |||
| 100 | |a Lander, Edgardo | ||
| 245 | |a ¿ Conocimiento para qué? ¿Conocimiento para quién?: |b reflexiones sobre la universidad y la geopolítica de los saberes hegemónicos / |c Edgardo Lander | ||
| 650 | |a EPISTEMOLOGIA | ||
| 650 | |a CIENCIAS SOCIALES | ||
| 650 | |a UNIVERSIDADES | ||
| 650 | |a GLOBALIZACION | ||
| 650 | |a GEOPOLITICA | ||
| 650 | |a TEORIA SOCIAL | ||
| 650 | |a AMERICA LATINA | ||
| 773 | |g volumen 6 -7, número 12 -13; páginas 25-46 | ||
| 999 | |c 31522 |d 31522 | ||
